000 00543nam a2200229Ia 4500
003 OSt
005 20220924134654.0
006 a|||||r|||| 00| 0
007 ta
008 220923b |||||||| |||| 00| 0 snd d
024 _a285158
037 _cTextual
040 _aARTS
_cARTS
_bsnd
041 _2snd
_asnd
082 _aP1593, K0
100 _aSail
_9208997
245 0 _aSaul jo vadu sindhi vyakaran
260 _c1960
650 _aLINGUISTICS
942 _hP1593, K0
_cTEXL
_2CC
999 _c438224
_d438224